[Event "Quack 2 - The Duel"]
[Site "http://www.queenalice.com/game.php?id=431660"]
[Date "2008.7.11"]
[Round "-"]
[White "Andre_Bidu"]
[Black "Rodrigo_Pena"]
[Result "1-0"]
[WhiteElo "1829"]
[BlackElo "1551"]

1. e4 e5 2. Nf3 d6 3. Bc4 Bg4 4. Nc3 Nf6 5. h3 b5 6. Bxb5+ c6 7. Ba4 Bd7 8. d4
Qc7 9. dxe5 dxe5 10. Qd3 Be6 11. Bb3 Nfd7 12. Bxe6 fxe6 13. Ng5 Be7 14. Nxe6 Qc8
15. Qg3 Nf8 16. Qxg7 Nxe6 17. Qxh8+ Bf8 18. Qxh7 Nd4 19. Qg6+ Kd8 20. O-O Qd7
21. Qf6+ Be7 22. Qxe5 Bc5 23. Rd1 Qd6 24. Qxd6+ Bxd6 25. Rxd4 Kc7 26. g3 Nd7 27.
Bf4 Be5 28. Bxe5+ Kd8 29. Rad1 Kc8 30. Rxd7 Rb8 31. Bxb8 Kxb8 32. R1d6 Ka8 33.
Rf7 a6 34. Rd8# 1-0

[Event "Challenge"]
[Site "http://www.queenalice.com/game.php?id=432104"]
[Date "2008.7.12"]
[Round "-"]
[White "juan_francisco"]
[Black "Rodrigo_Pena"]
[Result "0-1"]
[WhiteElo "1261"]
[BlackElo "1443"]

1. e4 e5 2. Bc4 Nf6 3. d3 d5 4. Bb5+ Ke7 5. Nc3 a6 6. Ba4 Bg4 7. f3 Bh5 8. exd5
c6 9. dxc6 bxc6 10. Bxc6 Nxc6 11. h3 Nd5 12. Nxd5+ Qxd5 13. Bg5+ f6 14. c4 Qd4
15. Be3 Qxe3+ 16. Kf1 Nd4 17. g4 Bg6 18. Qe1 Qxd3+ 19. Kg2 Nc2 20. Qb1 Ne3+ 21.
Kf2 Qd2+ 22. Ne2 Bxb1 23. Raxb1 Nxc4 24. Rbd1 Qe3+ 25. Kf1 Qxf3+ 26. Kg1 Qxe2
27. Rf1 Ke8 28. b3 Ne3 29. Rf2 Qe1+ 30. Rf1 Nxf1 31. Kg2 Qe2+ 32. Kg1 Bc5# 0-1

[Event "Challenge?"]
[Site "http://www.queenalice.com/game.php?id=435513"]
[Date "2008.7.18"]
[Round "-"]
[White "cJw314"]
[Black "Rodrigo_Pena"]
[Result "1-0"]
[WhiteElo "1558"]
[BlackElo "1474"]

1. e4 e5 2. Nf3 d6 3. d4 Nd7 4. Bc4 c6 5. Nc3 Be7 6. dxe5 dxe5 7. Nxe5 Nxe5 8.
Bb3 Bd7 9. f4 Ng4 10. h3 b6 11. hxg4 Bh4+ 12. Kf1 Ne7 13. Rxh4 Ng6 14. Rh3 O-O
15. f5 Ne5 16. g5 b5 17. f6 gxf6 18. Qh5 Bxh3 19. Qxh3 Qd1+ 20. Nxd1 1-0

[Event "Challenge"]
[Site "http://www.queenalice.com/game.php?id=437423"]
[Date "2008.7.22"]
[Round "-"]
[White "GMcruz"]
[Black "Rodrigo_Pena"]
[Result "1-0"]
[WhiteElo "1657"]
[BlackElo "1434"]

1. d4 d5 2. c4 Bf5 3. cxd5 e6 4. dxe6 fxe6 5. Nc3 Nc6 6. Nf3 Nf6 7. Bg5 Bb4 8.
e3 h6 9. Bh4 Bd6 10. Bb5 Ng4 11. Bxd8 Nxf2 12. Kxf2 h5 13. Bg5 1-0

[Event "Challenge"]
[Site "http://www.queenalice.com/game.php?id=437438"]
[Date "2008.7.22"]
[Round "-"]
[White "leafar"]
[Black "Rodrigo_Pena"]
[Result "1-0"]
[WhiteElo "1666"]
[BlackElo "1433"]

1. e4 e5 2. c4 d6 3. d3 Ne7 4. Nf3 f6 5. Be2 Nd7 6. O-O c6 7. Be3 c5 8. Nc3 b6
9. Nd5 Nc6 10. Qa4 Na5 11. Nh4 g6 12. Nc3 Bg7 13. Nd5 O-O 14. f4 g5 15. fxg5
fxg5 16. Nf5 Kh8 17. Nxd6 a6 18. Rxf8+ Bxf8 19. Nf7+ Kg8 20. Nxd8 1-0

[Event "Challenge"]
[Site "http://www.queenalice.com/game.php?id=444242"]
[Date "2008.8.5"]
[Round "-"]
[White "Rodrigo_Pena"]
[Black "genethetrucker"]
[Result "0-1"]
[WhiteElo "1339"]
[BlackElo "1365"]

1. e4 c5 2. d3 g6 3. Nd2 Bg7 4. g3 Nc6 5. Ne2 Nf6 6. Bg2 O-O 7. c3 d6 8. b3 Bg4
9. f3 Be6 10. Bb2 Qb6 11. O-O c4+ 12. d4 Bd7 13. Nxc4 Qc7 14. g4 a6 15. Ng3 b5
16. e5 dxe5 17. Nxe5 Nxe5 18. dxe5 Ne8 19. f4 Rc8 20. Ba3 Qb6+ 21. Qd4 Qxd4+ 22.
cxd4 Nc7 23. g5 Rfe8 24. Bb4 Nd5 25. Bxd5 e6 26. Be4 Bc6 27. Rfc1 Bxe4 28. Rxc8
Rxc8 29. Nxe4 h6 30. Nd6 Rc7 31. Ne8 Rc2 32. Nxg7 Kxg7 33. Be7 Re2 34. b4 h5 35.
Kf1 Re4 36. Bf6+ Kg8 0-1

[Event "GOIANIDADE"]
[Site "http://www.queenalice.com/game.php?id=445284"]
[Date "2008.8.8"]
[Round "-"]
[White "perucona"]
[Black "Rodrigo_Pena"]
[Result "0-1"]
[WhiteElo "1354"]
[BlackElo "1414"]

1. e4 e5 2. d4 d5 3. exd5 Qxd5 4. c3 Bf5 5. Bd3 Ne7 6. Bxf5 Nxf5 7. Nf3 e4 8.
Ng5 Nh4 9. Nh3 Nxg2+ 10. Kf1 Bd6 11. Kxg2 O-O 12. Qg1 Re8 13. Kf1 Re6 14. Qg2
Qf5 15. Rg1 e3 16. Bxe3 g6 17. Bf4 Qd3# 0-1

[Event "Challenge"]
[Site "http://www.queenalice.com/game.php?id=445997"]
[Date "2008.8.9"]
[Round "-"]
[White "aureliano"]
[Black "Rodrigo_Pena"]
[Result "1-0"]
[WhiteElo "1422"]
[BlackElo "1404"]

1. e4 e5 2. c3 Nf6 3. d3 d5 4. exd5 Nxd5 5. c4 Bb4+ 6. Nd2 Nf4 7. Qf3 O-O 8. Ne2
Nxd3+ 9. Kd1 Nxb2+ 10. Ke1 Bxd2+ 11. Bxd2 Qd6 12. Nc3 Rd8 13. Qe3 f5 14. c5 Qd7
15. Bc1 f4 16. Qxe5 Nd3+ 17. Bxd3 Qxd3 18. Bb2 Qd2+ 19. Kf1 Qxb2 20. Rb1 Qc2 21.
g3 Bh3+ 22. Kg1 f3 23. Re1 Nc6 24. Qe3 Re8 25. Qc1 Bg2 26. h4 Bxh1 27. Kxh1 Rad8
28. Qxc2 Re7 29. Qb3+ Kh8 30. Rg1 Nd4 31. Qb1 g6 32. Qd3 1-0

[Event "Challenge"]
[Site "http://www.queenalice.com/game.php?id=445998"]
[Date "2008.8.9"]
[Round "-"]
[White "Rodrigo_Pena"]
[Black "aureliano"]
[Result "0-1"]
[WhiteElo "1426"]
[BlackElo "1471"]

1. e4 e5 2. Nf3 d6 3. d4 exd4 4. Qxd4 c5 5. Qd5 Nf6 6. Qe5+ dxe5 7. Bd3 Nc6 8.
O-O Be7 9. Re1 Qd6 10. Bd2 O-O 11. Re3 Ng4 12. Re2 Qg6 13. h3 Nf6 14. g4 h5 15.
Nc3 a6 16. g5 Bxh3 17. Ne1 Ng4 18. f3 Nd4 19. fxg4 Bxg4 20. Rg2 Rac8 21. Nd5 Bd8
22. c3 Ne6 23. c4 Nd4 24. Rc1 Nf3+ 25. Nxf3 Bxf3 26. Rg3 Bg4 27. Rf1 Be6 28. Nb6
Bxb6 0-1

[Event "Challenge"]
[Site "http://www.queenalice.com/game.php?id=450618"]
[Date "2008.8.19"]
[Round "-"]
[White "juan_francisco"]
[Black "Rodrigo_Pena"]
[Result "1-0"]
[WhiteElo "1406"]
[BlackElo "1469"]

1. e4 e5 2. Bc4 Nf6 3. d3 Bc5 4. Bg5 Nc6 5. Qf3 d6 6. Bxf6 gxf6 7. Qh5 Qd7 8.
Nc3 Nd4 9. Nd5 Nxc2+ 10. Kd1 Nxa1 11. Nxf6+ 1-0

[Event "Challenge"]
[Site "http://www.queenalice.com/game.php?id=453785"]
[Date "2008.8.26"]
[Round "-"]
[White "petrovic"]
[Black "Rodrigo_Pena"]
[Result "1-0"]
[WhiteElo "1428"]
[BlackElo "1362"]

1. e4 e6 2. d4 Bb4+ 3. c3 Bd6 4. Bd3 Qh4 5. Nf3 Qg4 6. e5 Be7 7. O-O a5 8. h3
Qh5 9. Kh2 d5 10. g4 Qh4 11. Nxh4 Bxh4 12. g5 f6 13. Qg4 Bxg5 14. Bxg5 fxg5 15.
Qxg5 g6 16. Bxg6+ hxg6 17. Qxg6+ Kd7 18. Qg7+ Ne7 19. Qxh8 b6 20. Rg1 a4 21. Rg7
a3 22. Nxa3 Nc6 23. Rag1 Bb7 24. Qh7 Kd8 25. Rg8+ Kd7 26. Rxa8 Bxa8 27. Nb5 Kc8
28. Na7+ 1-0

[Event "one more time"]
[Site "http://www.queenalice.com/game.php?id=453973"]
[Date "2008.8.26"]
[Round "-"]
[White "juan_francisco"]
[Black "Rodrigo_Pena"]
[Result "1-0"]
[WhiteElo "1429"]
[BlackElo "1382"]

1. e4 e6 2. d4 d5 3. Qf3 Bb4+ 4. c3 dxe4 5. Qxe4 f5 6. Qc2 Bd6 7. Nf3 c6 8. Bg5
Qa5 9. b4 Qd5 10. Bc4 Qxc4 11. Na3 Qd5 12. c4 Qe4+ 13. Qxe4 fxe4 14. c5 exf3 15.
gxf3 h6 16. Bh4 g5 17. Bg3 Bxg3 18. hxg3 Nf6 19. f4 a5 20. fxg5 axb4 21. Nc4 b5
22. Nd6+ Ke7 23. gxf6+ Kxf6 24. Ne4+ Kg7 25. f4 h5 26. Ng5 Ra3 27. O-O Rxg3+ 28.
Kh2 h4 29. a3 Rxa3 30. Rxa3 bxa3 31. Rf2 b4 32. Ne4 Ba6 33. Nd6 Nd7 34. Rg2+ Kf6
35. Ne4+ Ke7 36. Rg7+ Kd8 37. Nd2 Bd3 38. Nf3 h3 39. Ng5 e5 40. Ne6+ Kc8 41.
fxe5 b3 42. Nf4 Bf5 43. d5 cxd5 44. Nxd5 Nxc5 45. Rc7+ Kb8 46. Rxc5 Rg8 47. Ne7
Rg2+ 48. Kh1 Be4 49. Rc8+ Kb7 50. e6 Rg7+ 51. Kh2 Rxe7 52. Kxh3 Bf5+ 53. Kh4
Kxc8 54. Kg5 Bxe6 55. Kf6 Kd8 56. Ke5 Bc4+ 57. Kd4 Bb5 58. Kc3 Re3+ 59. Kb4 Bc6
60. Kxa3 Kc7 61. Kb2 Rd3 62. Kb1 1-0

[Event "Duck Noris"]
[Site "http://www.queenalice.com/game.php?id=465023"]
[Date "2008.9.18"]
[Round "-"]
[White "HELDER"]
[Black "Rodrigo_Pena"]
[Result "1-0"]
[WhiteElo "1638"]
[BlackElo "1345"]

1. e4 e5 2. d4 d6 3. d5 c5 4. dxc6 Nxc6 5. Bb5 Nf6 6. Nc3 Be7 7. g4 Bd7 8. g5
Ng4 9. h4 Qb6 10. Nh3 a6 11. Nd5 Qa5+ 12. b4 Qxb5 13. Nc7+ 1-0